000 00737nam a2200205Ia 4500
003 GCL
005 20240530105300.0
008 140319s9999 xx 000 0 ara d
040 _aGCL /
_cGCL
082 0 4 _a811.009
_bم ر
100 1 _aمحمد عبدالمنعم خفاجى
245 1 0 _aالرؤيا الابداعية فى شعر احمد ذكى ابوشادى /
_cتاليف محمد عبدالمنعم خفاجى ، عبدالعزيز شرف
260 _a[S.N] :
_bدار الجيل
650 0 4 _aالشعر العربى
650 0 4 _aدواوين وقصائد
650 0 4 _aاحمد زكى ابوشادى
650 0 4 _aتاريخ ونقد
700 0 _aعبدالعزيز شرف
_eمؤلف مشارك
942 _2ddc
_cBK
999 _c54586
_d54586